000 00309nam a2200145Ia 4500
008 230605s1997 xx 000 0 und d
041 _aeng
100 _aHugo
245 _aFrench
260 _bHugo`s Books pub.
_c1997
300 _a256p
520 _aGeneral
520 _aHard Board
650 _aFrench
999 _c420558
_d420558